| 000 | 00954nam a2200289Ia 4500 | ||
|---|---|---|---|
| 005 | 20220316235341.0 | ||
| 008 | 121119s2003 ck a gr 000 j spa | ||
| 020 | _a9583003433 | ||
| 041 | 0 | _aspa | |
| 100 | 1 |
_aRomán, Celso, _d1947 |
|
| 245 | 1 | 3 |
_aEl maravilloso viaje de Rosendo Bucurú _cCelso Román ; ilustraciones de Henry González |
| 250 | _aTercera reimpresión | ||
| 264 | 1 |
_aBogotá _bPanamericana _c2003 |
|
| 300 |
_a112 páginas _bilustraciones |
||
| 336 |
_atexto _btxt _2rdacontent |
||
| 337 |
_asin mediación _bn _2rdamedia |
||
| 338 |
_avolumen _bnc _2rdacarrier |
||
| 490 | 0 | _aCorcel : cuento | |
| 650 | 1 | 4 |
_aCuentos infantiles colombianos _2LEMB |
| 650 | 1 | 4 |
_aLiteratura infantil colombiana _2LEMB |
| 650 | 1 | 4 |
_aFantasía _vCuentos _2LEMB |
| 650 | 1 | 4 |
_aNaturaleza _2LEMB _vCuentos |
| 700 | 1 |
_aGonzález Torres, Henry Javier _eilustrador _910805 |
|
| 942 |
_2loc _cBKLIT |
||
| 040 |
_aCO-BoRNBP _bspa _erda _cCO-BoRNBP |
||
| 084 | _aN ROM1 | ||
| 999 |
_c689 _d689 |
||